Score 0/36 Timer 08:00
4 Plays Today
Athlete/Character Movie % Correct
Shooter McGavinHappy Gilmore
86.7%
Bobby BoucherThe Waterboy
69.3%
Ivan DragoRocky IV
60.7%
Shane FalcoThe Replacements
59.5%
Clubber LangRocky III
53.2%
Paul CreweThe Longest Yard
50.4%
Jackie MoonSemi-Pro
47.7%
Dottie HinsonA League of Their Own
46.9%
Roy HobbsThe Natural
44.6%
Rod TidwellJerry Maguire
43%
Adam BanksThe Mighty Ducks
42.3%
Jake TaylorMajor League
41.5%
Cal Naughton Jr.Talladega Nights
38.6%
Benjamin Franklin RodriguezThe Sandlot
38.5%
Henry RowengartnerRookie of the Year
34.9%
Johnny MoxonVarsity Blues
34.6%
Willie BeamenAny Given Sunday
34.2%
Jesus ShuttlesworthHe Got Game
31.9%
Athlete/Character Movie % Correct
Jimmy ChitwoodHoosiers
31.8%
Danny NoonanCaddyshack
31.6%
Cole TrickleDays of Thunder
30.6%
Roy McAvoyTin Cup
28.9%
Gunhar StahlD2: The Mighty Ducks
23.6%
Ebby LalooshBull Durham
21.9%
Kelly LeakBad News Bears
19.2%
Ernie McCrackenKingpin
18%
Maggie FitzgeraldMillion Dollar Baby
14.9%
Mel ClarkAngels in the Outfield
14%
Junior FloydLittle Giants
13.7%
Neon BoudreauxBlue Chips
12.4%
Reggie DunlopSlap Shot
10.1%
Ryan DunneSummer Catch
10%
Lou CollinsLittle Big League
9.9%
Joe KaneThe Program
9.2%
Bobby RayburnThe Fan
8.1%
Jimmy DolanThe Air Up There
4.3%
Remove Ads.
Support Sporcle.
Get the best of Sporcle when you Go Orange. This ad-free experience offers more features, more stats, and more fun while also helping to support Sporcle. Thank you for becoming a member.

You're not logged in!

Compare scores with friends on all Sporcle quizzes.
OR
Log In

Sporcle TV

Today on Sporcle TV


Watch our educational content, quiz creation guides, and fun videos on Sporcle TV.

Show Comments

Extras

Top Quizzes Today


Score Distribution

Paid Content

Your Account Isn't Verified!

In order to create a playlist on Sporcle, you need to verify the email address you used during registration. Go to your Sporcle Settings to finish the process.

Report this User

Report this user for behavior that violates our Community Guidelines.

Details: